| 000 | 007740000a22002410004500 | ||
|---|---|---|---|
| 001 | 44317 | ||
| 100 | _a20071107d1964 k y0pory5003 ba | ||
| 101 | 0 | _apor | |
| 102 | _aPT | ||
| 200 | 1 |
_aRebeca de ribeirão dourado _fKate Douglas Wiggin _gtrad. Helena Lousada; il. Carmo Cabral de Campos |
|
| 210 |
_aBarcelos _cCivilização _d1964 |
||
| 215 |
_a316, [2] p. _cil |
||
| 304 | _aTít. orig.: Rebeca of Sunnybrook farm. | ||
| 606 | _aLiteratura estrangeira | ||
| 606 | _aLiteratura juvenil | ||
| 606 | _aConto | ||
| 675 |
_a85 _zpor |
||
| 700 | 1 |
_aWiggin _bKate Douglas |
|
| 702 | 1 |
_928645 _4730 _aLousada _bHelena |
|
| 702 |
_912224 _4440 _aCampos _bCarmo Cabral de |
||
| 090 | _a44317 | ||
| 942 |
_cMON _n0 |
||
| 999 | _a44317 | ||